000 01328pam a2200349 a 4500
001 4850136
003 OSt
005 20170804174132.0
008 910116s1991 enka b 001 0 eng
010 _a 91004492
020 _a0521404029
020 _a0521407397 (pbk.)
020 _a9780521407397
040 _aDLC
_cDLC
_dDLC
050 0 0 _aQC793.2
_b.H83 1991
082 0 0 _a539.72
_223
_bHIE
100 1 _aHughes, I. S.
_q(Ian Simpson),
_d1930-
_958502
245 1 0 _aElementary particles /
_cI.S. Hughes.
250 _a3rd ed.
260 _aCambridge ;
_aNew York :
_bCambridge University Press,
_c1991.
300 _axxii, 431 p. :
_bill. ;
_c23 cm.
504 _aIncludes bibliographical references (p. 421-425) and index.
650 0 _aParticles (Nuclear physics)
_958503
650 0 _aCosmology.
_98827
650 0 _aNuclear astrophysics.
_958504
856 4 1 _3Sample text
_uhttp://www.loc.gov/catdir/samples/cam031/91004492.html
856 4 2 _3Publisher description
_uhttp://www.loc.gov/catdir/description/cam024/91004492.html
856 4 1 _3Table of contents
_uhttp://www.loc.gov/catdir/toc/cam021/91004492.html
906 _a7
_bcbc
_corignew
_d1
_eocip
_f19
_gy-gencatlg
942 _2ddc
_cBOOK
999 _c40426
_d310046